Statistics for Name a City - European Countries

Click here to take the quiz!

General Stats

  • This quiz has been taken 13,084 times
    (13,050 since last reset)
  • The average score is 17 of 31

Answer Stats

Country Cities % Correct
United KingdomBirmingham | Glasgow | Liverpool | Bristol | Manchester
95%
GermanyHamburg | Munich | Cologne | Frankfurt | Stuttgart
95%
ItalyMilan | Naples | Turin | Palermo | Genoa
95%
SpainBarcelona | Valencia | Sevilla | Zaragoza | Malaga
94%
FranceMarseille | Lyon | Toulouse | Nice | Nantes
93%
RussiaSt. Petersburg | Novosibirsk | Yekaterinburg | Nizhny Novgorod | Kazan
90%
NetherlandsRotterdam | The Hague | Utrecht | Eindhoven | Leiden
84%
PolandKrakow | Lodz | Wroclaw | Poznan | Gdansk
82%
PortugalPorto | Vila Nova de Gaia | Amadora | Braga | Funchal
78%
SwitzerlandGeneva | Basel | Lausanne | Winterthur | Lucerne
77%
AustriaGraz | Linz | Salzburg | Innsbruck | Klagenfurt
74%
IrelandCork | Limerick | Galway | Waterford | Drogheda
71%
SwedenGoteborg | Malmo | Uppsala | Vasteras | Orebro
71%
BelgiumAntwerp | Liege | Ghent | Charleroi | Kortrijk
70%
GreeceThessaloniki | Patras | Heraklion | Larissa | Volos
58%
NorwayBergen | Trondheim | Stavanger | Baerum | Kristiansand
58%
UkraineKharkiv | Odessa | Dnipro | Donetsk | Zaporizhia
57%
CroatiaSplit | Rijeka | Osijek | Zadar | Pula
56%
DenmarkAarhus | Odense | Aalborg | Esbjerg | Randers
44%
Czech RepublicBrno | Ostrava | Plzen | Liberec | Olomouc
43%
FinlandEspoo | Tampere | Vantaa | Oulu | Turku
36%
RomaniaCluj-Napoca | Timisoara | Iasi | Constanta | Craiova
32%
BulgariaPlovdiv | Varna | Burgas | Ruse | Stara Zagora
29%
SerbiaNovi Sad | Nis | Kragujevac | Subotica | Zrenjanin
25%
LithuaniaKaunas | Klaipeda | Siauliai | Panevezys | Alytus
24%
HungaryDebrecen | Szeged | Miskolc | Pecs | Gyor
23%
Bosnia and HerzegovinaBanja Luka | Tuzla | Zenica | Mostar | Bijeljina
23%
BelarusHomiel | Mahilou | Viciebsk | Hrodna | Brest
20%
SlovakiaKosice | Presov | Zillina | Banska Bystrica | Nitra
18%
AlbaniaDurrës | Vlorë | Elbasan | Shkodër | Fier
17%
MoldovaTiraspol | Balti | Bender | Ribnita | Ugheni
15%

Score Distribution

Percentile by Number Answered

Percent of People with Each Score

Your Score History

You have not taken this quiz since the last reset